Justitiele Verkenningen

Bibliographic Details
Format: Journal
Language:English
Published: Den Haag : Boom Uitgevers Den Haag, 1975-
Subjects:
Online Access:http://www.vlex.com/source/7219

MARC

LEADER 00000nas a22000007a 4500
005 20130322081525.0
007 cr|||| ||||
008 130322c19759999ne r|p s|||| 0|||a1eng d
022 |a 1675850  
035 |a 7219 
040 |a vLex 
090 |c 3984  |d 3984 
245 0 0 |a Justitiele Verkenningen  |h [Recurso electrn̤ico]  
256 |a Servicio en ln̕ea 
260 |a Den Haag :  |b Boom Uitgevers Den Haag,   |c 1975- 
300 |a 1 Recurso electrn̤ico 
506 |d vLex Global  |d vLex Global (Academic Edition, excluding Law Schools)  |d vLex Global (U.S. Academic Edition, Law Schools)  |d vLex Global (U.S. Academic Edition, excluding Law Schools)  |d vLex Global (Academic Edition, Law Schools) 
650 0 4 |a Derecho procesal  |v Revistas  |z Holanda 
740 |a vLex Revistas (Servicio en ln̕ea) 
856 |a Acceso restringido  |u http://www.vlex.com/source/7219 
942 |c REV 
999 0 |a Procedure law